| 000 -CABECERA |
| Longitud fija campo de control |
00710nam a22002171a 4500 |
| 003 - IDENTIFICADOR DEL NÚMERO DE CONTROL |
| Identificador del número de control |
OSt |
| 005 - FECHA Y HORA DE LA ÚLTIMA TRANSACCIÓN |
| Fecha y hora de la última transacción |
20140520163819.0 |
| 008 - CÓDIGOS DE INFORMACIÓN DE LONGITUD FIJA |
| Códigos de información de longitud fija |
910301s1989 sp |||||| |00| ||spa|c |
| 020 ## - NÚMERO INTERNACIONAL NORMALIZADO PARA LIBROS |
| Número Internacional Normalizado para Libros (ISBN) |
8474761255 |
| 035 ## - NÚMERO DE CONTROL DEL SISTEMA |
| Número de control del sistema |
8474761255 |
| 035 ## - NÚMERO DE CONTROL DEL SISTEMA |
| Número de control del sistema |
0042-36660 |
| 040 ## - FUENTE DE LA CATALOGACIÓN |
| Lengua de catalogación |
cat |
| Centro transcriptor |
CDMR |
| 100 1# - PUNTO DE ACCESO PRINCIPAL-NOMBRE DE PERSONA |
| Nombre de persona |
Montabes Pereira, Juan |
| 245 13 - MENCIÓN DE TÍTULO |
| Título |
La prensa del estado durante la transición política española |
| Mención de responsabilidad, etc. |
/ por Juan Montabes Pereira |
| 260 ## - PUBLICACIÓN, DISTRIBUCIÓN, ETC. (PIE DE IMPRENTA) |
| Lugar de publicación, distribución, etc. |
Madrid : |
| Nombre del editor, distribuidor, etc. |
Centro de Investigaciones Sociológicas : |
| -- |
Siglo XXI, |
| Fecha de publicación, distribución, etc. |
1989 |
| 300 ## - DESCRIPCIÓN FÍSICA |
| Extensión |
XVII, 359 p. |
| Dimensiones |
21 cm |
| 504 ## - NOTA DE BIBLIOGRAFÍA, ETC |
| Nota de bibliografía, etc. |
Inclou bibliografia |
| 650 04 - PUNTO DE ACCESO ADICIONAL DE MATERIA - TÉRMINO DE MATERIA |
| Término de materia o nombre geográfico como elemento inicial |
Premsa |
| Subdivisión geográfica |
Espanya |
| Subdivisión de materia general |
Història |
| Subdivisión cronológica |
1939-1984 |
| 650 04 - PUNTO DE ACCESO ADICIONAL DE MATERIA - TÉRMINO DE MATERIA |
| Término de materia o nombre geográfico como elemento inicial |
Premsa i política |
| Subdivisión geográfica |
Espanya |
| Subdivisión de materia general |
Història |
| Subdivisión cronológica |
1939-1984 |
| 942 ## - ENTRADA DE ELEMENTOS AGREGADOS (KOHA) |
| Fuente de clasificaión o esquema |
|
| Koha [por defecto] tipo de item |
Monografies |